000 00346nam a22001457a 4500
005 20240722103225.0
008 240722b |||||||| |||| 00| 0 eng d
020 _a0-916-845-00-1
050 _a1
100 _aRANKEN M.D
245 _aFOOD INDUSTRIES MANUAL
250 _a21ST
260 _aKAPITAN SZABO PUBLISHERS
_c1984
942 _2lcc
_cBK
999 _c210782
_d210782